Ảnh hưởng của tưới nước mặn đến một số đặc tính đất và sinh trưởng của lúa trên đất phèn và đất phù sa : Luận văn thạc sĩ. Chuyên ngành Khoa học đất

Đề tài đánh giá ảnh hưởng của tưới nước mặn đến một số đặc tính đất và sinh trưởng của lúa trên đất phèn và đất phù sa ở huyện Long Nỹ, tỉnh Hậu Giang. Qua đó đề xuất giải pháp hạn chế xâm nhập mặn...

全面介绍

Đã lưu trong:
书目详细资料
主要作者: Kiều, Tấn Nhựt
格式: 图书
语言:Undetermined
出版: Cần Thơ Trường Đại học Cần Thơ 2016
主题:
标签: 添加标签
没有标签, 成为第一个标记此记录!
Thư viện lưu trữ: Trung tâm Học liệu Trường Đại học Cần Thơ
LEADER 01223nam a2200217Ia 4500
001 CTU_215731
008 210402s9999 xx 000 0 und d
082 |a 631.47 
082 |b Nh565 
088 |a 60620103 
100 |a Kiều, Tấn Nhựt 
245 0 |a Ảnh hưởng của tưới nước mặn đến một số đặc tính đất và sinh trưởng của lúa trên đất phèn và đất phù sa : 
245 0 |b Luận văn thạc sĩ. Chuyên ngành Khoa học đất 
245 0 |c Kiều Tấn Nhựt ; Lê Văn Bé (Hướng dẫn khoa học) 
260 |a Cần Thơ 
260 |b Trường Đại học Cần Thơ 
260 |c 2016 
520 |a Đề tài đánh giá ảnh hưởng của tưới nước mặn đến một số đặc tính đất và sinh trưởng của lúa trên đất phèn và đất phù sa ở huyện Long Nỹ, tỉnh Hậu Giang. Qua đó đề xuất giải pháp hạn chế xâm nhập mặn 
650 |a Đất và cây trồng,Crops and soils 
904 |i Nguyên 
980 |a Trung tâm Học liệu Trường Đại học Cần Thơ